zpět

Detail výsledku týmu

Hotel Sport, Kralupy nad Vltavou

Datum a čas kvízu

34.5 Celkem bodů Celkový počet nahraných bodů na tomto kvízu bez doplňovacích otázek.
1. Pořadí na kvízu Konečné umístění týmu na tomto kvízu.

Zaznamenané odpovědi

# Otázka Odpověď Body Výsledky
1. Příslušníci jisté profese se v... popeláři 1
2. Parašutista Nicolas Scarabrin... oko jehly 1
3. Která moderátorka oznámila, že... Lucie Výborná 1
4. Která značka představila minul... Jawa 0
5. Mistry republiky 2026 se o vík... A 0
6. Na obrázku níže můžete vidět d... Drákula a Frankenstein 0
7. Co by to bylo za hororové téma... C 0
8. Ze které (převážně videoherní)... Silent Hill 1
9. Přiřaďte herce a herečky k jej... 1C 2D 3B 4A 1
10. Čím je inspirován česko-americ... D 1